Бизнес и безопасность (Запис № 410056)
[ простий вигляд ]
| 000 -Лідер | |
|---|---|
| fixed length control field | 02186cas a22003137c 4500 |
| 001 - Контрольний номер | |
| control field | 136175 |
| 003 - Ідентифікатор контрольного номера | |
| control field | UA-OsUOA |
| 005 - Дата та час останнього входження (трансакції) | |
| control field | 20230612112633.0 |
| 007 - Фіксоване поле фізичного опису | |
| fixed length control field | ta |
| 008 - Елементи даних фіксованої довжини – загальна інформація | |
| fixed length control field | 201903c1996 un br|p||00| 0 ukrcdrus d |
| 022 ## - Міжнародний стандартний серіальний номер (ISSN) | |
| Міжнародний стандартний серіальний номер (ISSN) | 18199429 |
| 040 ## - Джерело каталогізації | |
| Агенція оригінальної каталогізації | UA-OsUOA |
| Мова каталогізації | rus |
| Агенція, яка здійснювала перезапис | UA-OsUOA |
| Агенція, яка здійснювала модифікацію | UA-OsUOA |
| 041 ## - Код мови | |
| Код мови тексту/ звукової доріжки чи окремого заголовка (П) | rus |
| 044 ## - Код країни видавця/ виробника | |
| Код країни видавця/ виробника (П) | UA |
| 080 ## - Індекс Універсальної десяткової класифікації | |
| Індекс Універсальної десяткової класифікації (УДК) (НП) | 338 |
| 090 ## - Локальний шифр розміщення | |
| Класифікаційний індекс УДК | 338 |
| Авторський знак (НП) | Б59 |
| 099 ## - Місцевий розмір звичайного тексту (OCLC) | |
| Передплатний індекс | 40226 |
| 245 ## - Відомості про назву | |
| Назва (НП) | Бизнес и безопасность |
| Дані про відповідальність (НП) | глав. ред. Билецкий С. Я. |
| Решта назви (НП) | информационно-рекламный, практический журнал для тех, кому есть что защищать |
| 260 ## - Публікація, розповсюдження і т.п. (Вихідні дані) | |
| Місце публікації, розповсюдження і т.п. (П) | К. |
| Ім’я/ наймення видавництва, розповсюджувача і т.п. (П) | ТОВ СМПГ "ШАНС" |
| Дата публікації, розповсюдження і т.п. (П) | 1996 |
| 310 ## - Поточна періодичність | |
| Поточна періодичність | один раз на два місяці |
| 505 ## - Форматована примітка про зміст | |
| Форматована примітка про зміст | Бізнесовий, спеціалізований часопис з питань безпеки в Україні. Містить: офіційну інформацію, тематичні статті фахівців у галузі безпеки, повідомлення з виставок, семінарів та конференцій, новини технічних систем безпеки (охоронної і пожежної сигналізації, систем контролю доступу та відеоспостереження), засобів зв'язку, пожежогасіння, индивідуального захисту, засобів захисту інформації і комп'ютерної безпеки, спецтранспорту, информацію про компанії, продукцію та послуги, що пройшли сертифікацию, комерційні пропозиції. Читачами є керівники, начальники служб безпеки підприємств, фахівці галузі безпеки та підприємці. Розповсюдження — Україна та закордон. |
| 650 #7 - Додаткове предметне введення – тематичний термін | |
| Тематичний термін чи географічна назва, як елемент введення (НП) | 338 |
| Джерело заголовка чи терміна | UDC |
| 856 40 - Електронне місцезнаходження та доступ | |
| Уніфікований ідентифікатор ресурсу (П) | https://www.bsm.com.ua/ |
| 942 ## - Додаткові елементи входу (Коха) | |
| Тип елемента Koha | Журнал |
| Source of classification or shelving scheme | Universal Decimal Classification |
| Serial record | 1 |
| 955 ## - Код типу видання за змістом | |
| Код типу видання за змістом (НП) | інше |
| 962 ## - Рік початку публікації | |
| Рік | 1996 |
| Стан вилучень | Стан втрат | Джерело класифікації або схеми стелажів | Стан уражень | Не для кредиту | Постійне місце розташування | Поточне розміщення | Дата придбання | Послідовне перерахування / хронологія | Усього замовленно | Повний номер виклику | Штрих-код | Дата останнього перегляду | URI | Ціна ефективна від | Тип елемента Koha | Примітка, призначена для загального доступу |
|---|---|---|---|---|---|---|---|---|---|---|---|---|---|---|---|---|
| Universal Decimal Classification | ВП - Відділ періодики НБ | ВП - Відділ періодики НБ | 13/12/2019 | 1 (123) | 338 Б59 | 5143312 | 13/12/2019 | https://www.bsm.com.ua/index.php/zhurnal/arkhiv/243-byznes-y-bezopasnost-1-2018 | 13/12/2019 | Номер журналу | ||||||
| Universal Decimal Classification | ВП - Відділ періодики НБ | ВП - Відділ періодики НБ | 13/12/2019 | 2 (124) | 338 Б59 | 5143313 | 13/12/2019 | https://www.bsm.com.ua/index.php/zhurnal/arkhiv/244-byznes-y-bezopasnost-2-2018 | 13/12/2019 | Номер журналу | https://www.bsm.com.ua/index.php/zhurnal/arkhiv/244-byznes-y-bezopasnost-2-2018 | |||||
| Universal Decimal Classification | ВП - Відділ періодики НБ | ВП - Відділ періодики НБ | 13/12/2019 | 3 (125) | 338 Б59 | 5143314 | 13/12/2019 | https://www.bsm.com.ua/index.php/zhurnal/arkhiv/245-byznes-y-bezopasnost-3-2018 | 13/12/2019 | Номер журналу | ||||||
| Universal Decimal Classification | ВП - Відділ періодики НБ | ВП - Відділ періодики НБ | 13/12/2019 | 4 (126) | 338 Б59 | 5143315 | 13/12/2019 | https://www.bsm.com.ua/index.php/zhurnal/arkhiv/246-byznes-y-bezopasnost-4-2018 | 13/12/2019 | Номер журналу | ||||||
| Universal Decimal Classification | ВП - Відділ періодики НБ | ВП - Відділ періодики НБ | 13/12/2019 | 5 (127) | 338 Б59 | 5143316 | 13/12/2019 | https://www.bsm.com.ua/index.php/zhurnal/arkhiv/247-byznes-y-bezopasnost-5-2018 | 13/12/2019 | Номер журналу | ||||||
| Universal Decimal Classification | ВП - Відділ періодики НБ | ВП - Відділ періодики НБ | 13/12/2019 | 6 (128) | 338 Б59 | 5143317 | 13/12/2019 | https://www.bsm.com.ua/index.php/zhurnal/arkhiv/248-byznes-y-bezopasnost-6-2018 | 13/12/2019 | Номер журналу | ||||||
| Universal Decimal Classification | ВП - Відділ періодики НБ | ВП - Відділ періодики НБ | 13/12/2019 | 1 (129) | 338 Б59 | 5143318 | 13/12/2019 | https://www.bsm.com.ua/index.php/zhurnal/arkhiv/249-byznes-y-bezopasnost-1-2019 | 13/12/2019 | Номер журналу | ||||||
| Universal Decimal Classification | ВП - Відділ періодики НБ | ВП - Відділ періодики НБ | 13/12/2019 | 2 (130) | 338 Б59 | 5143319 | 13/12/2019 | https://www.bsm.com.ua/index.php/zhurnal/arkhiv/250-byznes-y-bezopasnost-2-2019 | 13/12/2019 | Номер журналу | ||||||
| Universal Decimal Classification | ВП - Відділ періодики НБ | ВП - Відділ періодики НБ | 13/12/2019 | 3 (131) | 338 Б59 | 5143320 | 13/12/2019 | https://www.bsm.com.ua/index.php/zhurnal/arkhiv/251-byznes-y-bezopasnost-2019-3 | 13/12/2019 | Номер журналу | ||||||
| Universal Decimal Classification | ВП - Відділ періодики НБ | ВП - Відділ періодики НБ | 13/12/2019 | 4 (132) | 338 Б59 | 5143321 | 13/12/2019 | 13/12/2019 | Номер журналу | |||||||
| Universal Decimal Classification | ВП - Відділ періодики НБ | ВП - Відділ періодики НБ | 13/12/2019 | 5 (133) | 338 Б59 | 5143322 | 13/12/2019 | 13/12/2019 | Номер журналу | |||||||
| Universal Decimal Classification | ВП - Відділ періодики НБ | ВП - Відділ періодики НБ | 13/12/2019 | 6 (134) | 338 Б59 | 5143323 | 13/12/2019 | 13/12/2019 | Номер журналу |